Países Menos Poblados - Estadísticas

Estadísticas generales
  • Esta prueba ha sido intentada 91 veces
  • La puntuación promedio es 19 de 25
Estadísticas de respuestas
Rank Population Country % Correcto
1 800 Ciudad del Vaticano
96%
6 38,300 Mónaco
91%
5 33,500 San Marino
91%
7 38,700 Liechtenstein
90%
3 11,000 Nauru
88%
11 77,500 Andorra
87%
19 178,600 Santa Lucía
83%
17 112,000 Granada
82%
2 10,200 Tuvalu
82%
20 200,800 Samoa
79%
22 287,000 Barbados
78%
9 55,500 Islas Marshall
78%
12 96,400 Antigua y Barbuda
77%
18 120,100 Kiribati
77%
14 100,600 Tonga
77%
10 71,800 Dominica
76%
13 97,600 Seychelles
76%
23 304,500 Vanuatu
74%
4 17,900 Palaos
71%
8 52,800 San Cristóbal y Nieves
71%
16 110,600 San Vicente y las Granadinas
71%
15 104,400 Estados Federados de Micronesia
64%
21 201,700 Santo Tomé y Príncipe
63%
25 374,700 Maldivas
62%
24 364,200 Islandia
56%
No se encontraron pruebas coincidentes
Distribución de puntuación
Porcentaje de gente con cada puntuación
Porcentaje por número respondido
Historial de tus puntuaciones
No has intentado esta prueba.